| 000 | 00510nam a2200181Ia 4500 | ||
|---|---|---|---|
| 999 |
_c27975 _d27975 |
||
| 003 | OSt | ||
| 005 | 20201207152632.0 | ||
| 008 | 190216s9999||||xx |||||||||||||| ||und|| | ||
| 020 | _a9788124005804 | ||
| 040 | _coclc | ||
| 082 |
_a894.8124 _bVIJ/H |
||
| 100 |
_aVijayan, O V _91775 |
||
| 245 | 0 |
_aHaindavanum Athihaindavanum / _cO V Vijayan |
|
| 260 |
_bCurrent Books, _aTrissur: _c1998. |
||
| 300 | _a163p | ||
| 650 | _aLekhanam | ||
| 942 |
_cBK _2ddc _h894.8124 _iVIJ/H _k894.8124 _mVIJ/H |
||